| 000 | 00950cam a2200289 i 4500 | ||
|---|---|---|---|
| 999 |
_c200450023 _d68235 |
||
| 003 | TR-AnTOB | ||
| 005 | 20220919163752.0 | ||
| 007 | ta | ||
| 008 | 220906s2021 tu a $r01 $0$$ ttu u | ||
| 020 | _a9786250097779 | ||
| 040 |
_aTR-AnTOB _beng _erda _cTR-AnTOB |
||
| 041 | 0 | _atur | |
| 044 | _ctu | ||
| 050 | 1 | 4 |
_aDF845.53.S25 _bC368 2021 |
| 090 | 0 | 0 |
_aDF845.53.S25 _bC368 2021 |
| 100 | 1 |
_aCantürk, Cevdet _eauthor _9138454 |
|
| 245 | 1 | 0 |
_aSon kaleydi Ankara : _bgünbegün Sakarya Meydan Muharebesi / _cCevdet Cantürk. |
| 246 | 1 | 4 | _aGünbegün Sakarya Meydan Muharebesi (23 Ağustos - 13 Eylül 1921) |
| 264 | 3 |
_aAnkara : _bBizim Büro Basımevi, _c[2021]. |
|
| 300 |
_a144 pages : _bphotographs, maps ; _c21 cm |
||
| 336 |
_2rdacontent _atext _btxt |
||
| 337 |
_2rdamedia _aunmediated _bn |
||
| 338 |
_2rdacarrier _avolume _bnc |
||
| 650 | 7 |
_aSakarya Meydan Muharebesi, 1921 _2etuturkob _98433 |
|
| 942 |
_2lcc _cBK |
||